|
|
|
|
| LEADER |
00000nas a2200000 a 4500 |
| 001 |
ssj0003352 |
| 003 |
WaSeSS |
| 005 |
20200512172242.0 |
| 006 |
m d |
| 007 |
cr n |
| 008 |
020104c19989999enkbr pss 0 a0eng c |
| 010 |
|
|
|a 2002227000
|z 00242276
|
| 015 |
|
|
|a GBB348238
|2 bnb
|
| 016 |
7 |
|
|a 2020139-4
|2 DE-600
|
| 016 |
7 |
|
|a 012432711
|2 Uk
|
| 022 |
|
|
|a 1472-4642
|l 1366-9516
|y 1366-9516
|
| 035 |
|
|
|a (WaSeSS)ssj0003352
|
| 040 |
|
|
|a EYM
|b eng
|c EYM
|d OCLCQ
|d OCLCS
|d OCLCQ
|d IUL
|d NSD
|d OCLCQ
|d OCLCF
|d OCLCQ
|d DEBBG
|d AU@
|d VT2
|d DGU
|d WT2
|d OCLCQ
|d NLE
|d OCLCQ
|d UKMGB
|d OCLCQ
|d U3W
|d OCLCQ
|d NJT
|d OCLCQ
|d RDF
|d OCLCQ
|d SFB
|d OCLCQ
|d WaSeSS
|
| 042 |
|
|
|a pcc
|a nsdp
|
| 050 |
1 |
4 |
|a QH75.A1
|
| 130 |
0 |
|
|a Diversity & distributions (Online)
|
| 210 |
0 |
|
|a Divers. distrib.
|b (Online)
|
| 222 |
|
0 |
|a Diversity & distributions
|b (Online)
|
| 245 |
1 |
0 |
|a Diversity & distributions
|h [electronic resource].
|
| 246 |
3 |
|
|a Diversity and distributions
|
| 260 |
|
|
|a Oxford, England :
|b Blackwell Science,
|c 1998-
|
| 310 |
|
|
|a Bimonthly
|
| 362 |
0 |
|
|a Vol. 4, no. 1 (Jan. 1998)-
|
| 500 |
|
|
|a Title from title screen (viewed Jan. 4, 2002).
|
| 506 |
|
|
|a License restrictions may limit access.
|
| 538 |
|
|
|a Mode of access: World Wide Web.
|
| 580 |
|
|
|a Companion publication to: Journal of biogeography (Online), Global ecology and biogeography letters (Online), and: Global ecology and biogeography (Online).
|
| 588 |
1 |
|
|a Vol. 4, nos. 5-6 (Sept./Nov. 1998).
|
| 650 |
|
0 |
|a Biodiversity
|v Periodicals.
|
| 650 |
|
0 |
|a Biodiversity conservation
|v Periodicals.
|
| 650 |
|
7 |
|a Biodiversity.
|2 fast
|0 (OCoLC)fst01429860
|
| 650 |
|
7 |
|a Biodiversity conservation.
|2 fast
|0 (OCoLC)fst01429861
|
| 655 |
|
0 |
|a Electronic journals.
|
| 776 |
1 |
|
|t Diversity & distributions
|x 1366-9516
|w (DLC) 98641136
|w (OCoLC)39848596
|
| 780 |
0 |
0 |
|t Biodiversity letters (Online)
|x 0967-9952
|w (DLC) 00227437
|w (OCoLC)45446863
|
| 787 |
1 |
|
|t Journal of biogeography (Online)
|x 0305-0270
|w (DLC) 00227438
|w (OCoLC)45446950
|
| 787 |
1 |
|
|t Global ecology and biogeography letters (Online)
|x 0960-7447
|w (DLC) 00227436
|w (OCoLC)45446918
|
| 787 |
1 |
|
|t Global ecology and biogeography (Online)
|x 1466-822X
|w (DLC) 2003227001
|w (OCoLC)51300804
|
| 856 |
4 |
0 |
|z Full text available from Research Library: 01/01/2019 to present
|u https://search.proquest.com/publication/46496
|